000 009510am a2200253 004500
003 EG-GiCUC
008 080828s1995 ua g f000 0 ara d
040 _aEG-GiCUC
_bara
_cEG-GiCUC
043 _af-ua---
092 0 4 _a305.4862
_bM298
_221
099 _a04
_a305.4862 M298
245 0 2 _aالمراة و المجتمع فى مصر /
_cاعداد مركز دراسات المستقبل ؛ تقديم محمد رجائى الطحلاوى
260 _aاسيوط :
_bجامعة اسيوط :
_c1995
300 _a294ص ؛
_c24سم
650 7 _aالمراة المصرية
_2qrmak
650 7 _aالمرأة
_2qrmak
650 7 _aالمرأة
_xاحوال اجتماعية
_2qrmak
650 7 _aالمرأة
_xاحوال اقتصادية
_2qrmak
902 _a2
905 _aجيهان
_eمراجع
905 _aرضا
_eمدخل
942 _2ddc
_cBK
999 _c100316
_d100316